| 000 | 00656cam a22002171a 4500 | ||
|---|---|---|---|
| 001 | ne 61000033 | ||
| 003 | DLC | ||
| 005 | 20260227111733.0 | ||
| 008 | 911217s1959 gw 000 0 ger | ||
| 010 | _ane 61000033 | ||
| 035 | _a(OCoLC)25522629 | ||
| 040 |
_aDLC _cNNC-L _dDLC |
||
| 042 | _apremarc | ||
| 043 | _af-ua--- | ||
| 050 | 0 | 0 |
_aKRM1264.31959 _b.A67 1959 |
| 110 | 1 | _aUnited Arab Republic. | |
| 245 | 1 | 4 |
_aDas Arbeitsgesetz der Vereinigten Arabischen Republik / _caus dem Arabischen übersetet von Norbert F. Küppers. |
| 260 |
_aFrankfurt/Main : _bVerlag Kommentator, _c1959. |
||
| 300 |
_a83 p. ; _c21 cm. |
||
| 700 | 1 | _aKüppers, Norbert F. | |
| 999 |
_c44917 _d44917 |
||